[Event "XXIII Miedzynarodowy Festiwal Szachowy "]
[Site "Krakow, Hotel Galaxy  ul. Ges"]
[Date "2012.12.27"]
[Round "1.1"]
[White "Muhtarov, Leonid"]
[Black "Jajte-pachota, Maciej"]
[Result "1-0"]
[WhiteElo "2097"]
[BlackElo "1835"]
[PlyCount "56"]
[EventDate "2012.??.??"]

1. Nf3 c5 2. g3 g6 3. Bg2 Bg7 4. O-O Nc6 5. d3 Nf6 6. e4 d6 7. Nbd2 O-O 8. a4
a6 9. Nc4 Bg4 10. a5 Nd7 11. h3 Bxf3 12. Bxf3 Nde5 13. Nxe5 Bxe5 14. Qe1 Nb4
15. Qd1 Nc6 16. Qe1 Nb4 17. Bd1 f5 18. f4 Bd4+ 19. Kh2 fxe4 20. c3 exd3 21.
cxd4 Nc6 22. Bb3+ Kg7 23. dxc5 dxc5 24. Bd2 Rf5 25. g4 Rf6 26. g5 Rf5 27. Be6
Rf8 28. Bc3+ Nd4 1-0

[Event "XXIII Miedzynarodowy Festiwal Szachowy "]
[Site "Krakow, Hotel Galaxy  ul. Ges"]
[Date "2012.12.27"]
[Round "1.2"]
[White "Pietrucha, Jaroslaw"]
[Black "Kowalski, Piotr"]
[Result "1-0"]
[WhiteElo "1835"]
[BlackElo "2096"]
[PlyCount "99"]
[EventDate "2012.??.??"]

1. e4 c5 2. Nf3 d6 3. d4 cxd4 4. Nxd4 Nf6 5. Nc3 g6 6. Be3 Bg7 7. Be2 O-O 8.
O-O Nc6 9. Qd2 Ng4 10. Nxc6 bxc6 11. Bxg4 Bxg4 12. Bh6 Qb6 13. Bxg7 Kxg7 14. b3
Rad8 15. Na4 Qc7 16. c4 e5 17. Rac1 f5 18. f3 Bh5 19. h3 f4 20. Rfd1 Qe7 21.
Qf2 g5 22. Rd2 Bg6 23. Rcd1 h5 24. c5 d5 25. exd5 Rxd5 26. Rxd5 cxd5 27. Rxd5
Bf7 28. Rd6 g4 29. fxg4 hxg4 30. hxg4 Qg5 31. Qf3 Qh4 32. Qe4 Re8 33. c6 Qxg4
34. c7 Qc8 35. Qc6 Re7 36. Rh6 Be6 37. Rh5 Qxc7 38. Qxc7 Rxc7 39. Rxe5 Kf6 40.
Re2 Rg7 41. Kf1 Bg4 42. Rd2 Rc7 43. Nb2 Kf5 44. Nc4 Ke4 45. Kf2 Bh5 46. Nd6+
Ke5 47. Nb5 Rg7 48. Rc2 Be8 49. Re2+ Kf5 50. Rxe8 1-0

[Event "XXIII Miedzynarodowy Festiwal Szachowy "]
[Site "Krakow, Hotel Galaxy  ul. Ges"]
[Date "2012.12.27"]
[Round "1.3"]
[White "Mintenko, Heorhiy"]
[Black "Kudryavtsev, Mikhail"]
[Result "1-0"]
[WhiteElo "2088"]
[BlackElo "1834"]
[PlyCount "81"]
[EventDate "2012.??.??"]

1. Nf3 Nf6 2. c4 c5 3. Nc3 g6 4. g3 Bg7 5. Bg2 O-O 6. O-O d6 7. d3 Nc6 8. Rb1
Bd7 9. a3 Rb8 10. b4 b6 11. b5 Na5 12. Bd2 e6 13. Ne1 Bc8 14. e4 e5 15. Nc2 Be6
16. Ne3 Qd7 17. f4 exf4 18. gxf4 Ng4 19. Ncd5 Bd4 20. Kh1 Nxe3 21. Bxe3 Bxd5
22. Bxd4 cxd4 23. cxd5 Rbc8 24. a4 Rc3 25. Rb4 Rfc8 26. f5 Qe7 27. f6 Qe5 28.
Qd2 Qh5 29. Qf4 Rxd3 30. Bf3 Qh3 31. Bg4 Qe3 32. Bxc8 Qxf4 33. Rxf4 Rd1+ 34.
Kg2 d3 35. Rf1 Rd2+ 36. Rf2 Rc2 37. Bg4 d2 38. Bd1 Rc1 39. Rxd2 Nc4 40. Rd3 Ne5
41. Rdd4 1-0

[Event "XXIII Miedzynarodowy Festiwal Szachowy "]
[Site "Krakow, Hotel Galaxy  ul. Ges"]
[Date "2012.12.27"]
[Round "1.4"]
[White "Rychlik, Bogdan"]
[Black "Stankiewicz, Pawel"]
[Result "0-1"]
[WhiteElo "1829"]
[BlackElo "2085"]
[PlyCount "48"]
[EventDate "2012.??.??"]

1. e4 c5 2. Nf3 d6 3. d4 cxd4 4. Nxd4 Nf6 5. Nc3 a6 6. h3 e6 7. a4 b6 8. Be3
Bb7 9. Bd3 Nbd7 10. f3 Qc7 11. Qe2 Be7 12. g4 d5 13. exd5 Nxd5 14. Nxd5 Bxd5
15. h4 Ne5 16. Bxa6 O-O 17. Rh3 Rxa6 18. Qxa6 Nc4 19. Bf2 Nxb2 20. Ne2 Bb4+ 21.
Kf1 Bc4 22. Qxb6 Bxe2+ 23. Kxe2 Qc4+ 24. Ke3 Bc5+ 0-1

[Event "XXIII Miedzynarodowy Festiwal Szachowy "]
[Site "Krakow, Hotel Galaxy  ul. Ges"]
[Date "2012.12.27"]
[Round "1.5"]
[White "Kudas, Damian"]
[Black "Matysiak, Samuel"]
[Result "1-0"]
[WhiteElo "2083"]
[BlackElo "1811"]
[PlyCount "41"]
[EventDate "2012.??.??"]

1. d4 d5 2. c4 dxc4 3. e4 e5 4. Nf3 exd4 5. Qxd4 Qxd4 6. Nxd4 Nf6 7. Nc3 Bc5 8.
Ndb5 Na6 9. Bf4 c6 10. Nd6+ Bxd6 11. Bxd6 b5 12. e5 Nd5 13. Nxd5 cxd5 14. a4
bxa4 15. Rxa4 Nb8 16. g3 Bd7 17. Ra5 Bc6 18. Bg2 d4 19. O-O Kd7 20. Bh3+ Kd8
21. Rc5 1-0

[Event "XXIII Miedzynarodowy Festiwal Szachowy "]
[Site "Krakow, Hotel Galaxy  ul. Ges"]
[Date "2012.12.27"]
[Round "1.6"]
[White "Mika, Andrzej"]
[Black "Reza, Wojciech"]
[Result "0-1"]
[WhiteElo "1811"]
[BlackElo "2079"]
[PlyCount "72"]
[EventDate "2012.??.??"]

1. e4 c5 2. Nf3 Nc6 3. d4 cxd4 4. Nxd4 e5 5. Nb5 Nf6 6. N1c3 d6 7. Bg5 a6 8.
Na3 b5 9. Nd5 Be7 10. Nxf6+ Bxf6 11. Bxf6 Qxf6 12. Qd5 Bb7 13. O-O-O Qxf2 14.
Qxd6 Rd8 15. Qxd8+ Nxd8 16. Bd3 O-O 17. Rd2 Qe3 18. Kd1 Ne6 19. Re1 Qh6 20. g3
Rd8 21. Nb1 Nc5 22. Nc3 g6 23. b4 Ne6 24. a4 Nd4 25. Rf2 Qf8 26. Na2 bxa4 27.
c3 Ne6 28. Kc2 a5 29. Ref1 Ng5 30. Re1 axb4 31. Nxb4 Qc5 32. Ref1 Rc8 33. Na2
Qa3 34. Kb1 Rb8 35. Ka1 Bd5 36. Re2 Bxa2 0-1

[Event "XXIII Miedzynarodowy Festiwal Szachowy "]
[Site "Krakow, Hotel Galaxy  ul. Ges"]
[Date "2012.12.27"]
[Round "1.7"]
[White "Slabek, Grzegorz"]
[Black "Sawczuk, Czeslaw"]
[Result "1-0"]
[WhiteElo "2074"]
[BlackElo "1806"]
[PlyCount "67"]
[EventDate "2012.??.??"]

1. d4 d5 2. Nf3 Nf6 3. c4 e6 4. Nc3 Be7 5. Bf4 O-O 6. e3 c6 7. Bd3 Nbd7 8. O-O
a6 9. c5 Nh5 10. Be5 f6 11. Ng5 Qe8 12. Nxe6 fxe5 13. Nc7 Qf7 14. Nxa8 g6 15.
Nb6 Nxb6 16. cxb6 Bd6 17. dxe5 Bxe5 18. Be2 Nf6 19. f4 Bd6 20. Qd4 Qe7 21. Rac1
Re8 22. Rfe1 Bf5 23. Bf3 h5 24. a3 Kh7 25. b4 Qf8 26. Na4 Re7 27. Nc5 Ne4 28.
g3 Qd8 29. Bxe4 Bxe4 30. Qf6 Bxc5 31. bxc5 Qd7 32. Qh4 Rf7 33. Rcd1 Kg8 34. Rd4
1-0

[Event "XXIII Miedzynarodowy Festiwal Szachowy "]
[Site "Krakow, Hotel Galaxy  ul. Ges"]
[Date "2012.12.27"]
[Round "1.8"]
[White "Drop, Szymon"]
[Black "Markiewicz, Mateusz"]
[Result "1-0"]
[WhiteElo "1803"]
[BlackElo "2069"]
[PlyCount "80"]
[EventDate "2012.??.??"]

1. e4 c5 2. Nf3 Nf6 3. Nc3 d5 4. exd5 Nxd5 5. Bb5+ Bd7 6. Bxd7+ Qxd7 7. Nxd5
Qxd5 8. d3 Nc6 9. O-O e6 10. Be3 Be7 11. d4 Rd8 12. dxc5 Bxc5 13. Qxd5 Rxd5 14.
c4 Rf5 15. Bxc5 Rxc5 16. b3 Ne5 17. Nxe5 Rxe5 18. Rfe1 Rxe1+ 19. Rxe1 Kd7 20.
Rd1+ Kc6 21. Kf1 a5 22. a3 Rc8 23. Ke2 b5 24. cxb5+ Kxb5 25. Rd7 Rc2+ 26. Ke1
Rb2 27. Rxf7 Rxb3 28. Rxg7 Rxa3 29. Rxh7 Rd3 30. h4 a4 31. Ke2 Rd6 32. Rb7+ Ka6
33. Rb1 Ka5 34. h5 a3 35. h6 Rd8 36. g4 Rg8 37. h7 Rh8 38. Rh1 a2 39. g5 Kb4
40. g6 Kc4 1-0

[Event "XXIII Miedzynarodowy Festiwal Szachowy "]
[Site "Krakow, Hotel Galaxy  ul. Ges"]
[Date "2012.12.27"]
[Round "1.9"]
[White "Gawronski, Lukasz"]
[Black "Klementys, Jerzy"]
[Result "1-0"]
[WhiteElo "2069"]
[BlackElo "1798"]
[PlyCount "95"]
[EventDate "2012.??.??"]

1. d4 Nf6 2. Bg5 d6 3. Bxf6 gxf6 4. e3 e5 5. g3 c5 6. dxc5 Qa5+ 7. Nc3 Qxc5 8.
Bg2 Nc6 9. Nge2 Be6 10. Ne4 Qa5+ 11. N2c3 Qd8 12. Nd5 Bg7 13. O-O h5 14. h4 f5
15. Ng5 Bc8 16. c4 f6 17. Nf3 Ne7 18. Ne1 Nxd5 19. Bxd5 Qc7 20. Nd3 Rb8 21. Rc1
b6 22. Bf3 Bb7 23. Bxh5+ Kf8 24. Nb4 Rc8 25. Bf3 e4 26. Bg2 Rd8 27. Nd5 Qf7 28.
Qa4 Bc8 29. Rfd1 Kg8 30. Rd4 Kh7 31. Rcd1 Bf8 32. Qc6 Kg6 33. Qc7 Qxc7 34. Nxc7
Rh7 35. Nd5 Rf7 36. Bh3 Re8 37. Nc3 a6 38. Nd5 Rb7 39. Nf4+ Kf7 40. Rd5 Re5 41.
a4 Ree7 42. b3 Re5 43. R5d4 Rc7 44. Nd5 Rb7 45. Ra1 Bd7 46. Bf1 Re8 47. Be2 Be6
48. Bh5+ 1-0

[Event "XXIII Miedzynarodowy Festiwal Szachowy "]
[Site "Krakow, Hotel Galaxy  ul. Ges"]
[Date "2012.12.27"]
[Round "1.10"]
[White "Kyc, Jerzy"]
[Black "Grochulski, Grzegorz"]
[Result "1-0"]
[WhiteElo "1782"]
[BlackElo "2067"]
[PlyCount "120"]
[EventDate "2012.??.??"]

1. e4 g6 2. d4 Bg7 3. Nf3 d6 4. Bc4 a6 5. O-O b5 6. Bb3 e6 7. c3 Bb7 8. Qe2 Nd7
9. Bg5 Ne7 10. Nbd2 h6 11. Be3 O-O 12. Ne1 Nf6 13. Bc2 e5 14. f4 exf4 15. Rxf4
Qd7 16. Nd3 g5 17. Rf2 Ng6 18. e5 Nd5 19. exd6 cxd6 20. Nf1 Rae8 21. Qd2 f5 22.
Bxg5 hxg5 23. Qxg5 Nh8 24. Bb3 Nf7 25. Qxf5 Qxf5 26. Rxf5 Nf6 27. Ng3 d5 28.
Raf1 Nd6 29. Rg5 Nde4 30. Nxe4 Rxe4 31. Nc5 Re7 32. Nxb7 Rxb7 33. Rxf6 Rxf6 34.
Bxd5+ Rbf7 35. Bxf7+ Kxf7 36. Re5 Bh6 37. Re2 Re6 38. Kf1 Be3 39. g3 Ke7 40. b3
a5 41. Kg2 b4 42. Kf3 Bg1 43. Rxe6+ Kxe6 44. c4 Bxd4 45. Ke4 Be5 46. c5 Bc7 47.
Kd4 Bb8 48. Kc4 Bc7 49. Kb5 Kd5 50. c6 Kd4 51. Ka6 Bd6 52. h4 Kc3 53. h5 a4 54.
bxa4 Kb2 55. h6 Kxa2 56. h7 Be5 57. c7 b3 58. c8=Q b2 59. Qe6+ Ka3 60. Qf5 Ka2
{Kb} 1-0

[Event "XXIII Miedzynarodowy Festiwal Szachowy "]
[Site "Krakow, Hotel Galaxy  ul. Ges"]
[Date "2012.12.27"]
[Round "1.11"]
[White "Horoschavina, Oksana"]
[Black "Palka, Dominika"]
[Result "1-0"]
[WhiteElo "2063"]
[BlackElo "1778"]
[PlyCount "69"]
[EventDate "2012.??.??"]

1. e4 e5 2. Nf3 Nc6 3. d4 exd4 4. c3 d5 5. Bd3 dxe4 6. Bxe4 Nf6 7. Bxc6+ bxc6
8. Qxd4 Ba6 9. Bg5 Qxd4 10. Nxd4 Ne4 11. Be3 c5 12. Nf3 Rb8 13. b3 c4 14. Nfd2
Nc5 15. Bxc5 Bxc5 16. b4 Be7 17. a4 O-O 18. O-O c6 19. Na3 Bf6 20. Ne4 Be7 21.
Rad1 Rfd8 22. Nc2 f5 23. Nc5 Bxc5 24. bxc5 g6 25. Nd4 Bb7 26. h3 Rd5 27. Rb1
Rdd8 28. Rfe1 Kf7 29. f4 Ba8 30. Ne6 Rdc8 31. Rbd1 h6 32. Rd7+ Kf6 33. Nc7 Rxc7
34. Rxc7 a5 35. Rce7 1-0

[Event "XXIII Miedzynarodowy Festiwal Szachowy "]
[Site "Krakow, Hotel Galaxy  ul. Ges"]
[Date "2012.12.27"]
[Round "1.12"]
[White "Sliwicka, Alicja"]
[Black "Kalinina, Marianna"]
[Result "0-1"]
[WhiteElo "1772"]
[BlackElo "2051"]
[PlyCount "68"]
[EventDate "2012.??.??"]

1. e4 c5 2. Nf3 e6 3. d4 cxd4 4. Nxd4 a6 5. Bd3 Bc5 6. Nb3 Be7 7. Qg4 g6 8. O-O
d6 9. Nc3 Nd7 10. f4 Ngf6 11. Qe2 Qc7 12. Be3 O-O 13. Rad1 b5 14. a3 Bb7 15.
Kh1 Rfe8 16. Bd4 e5 17. Be3 exf4 18. Bxf4 Ne5 19. Bg5 Nfg4 20. Bxe7 Qxe7 21. h3
Qh4 22. Kg1 Qg3 23. hxg4 Nxg4 24. Qxg4 Qxg4 25. Rf3 Re5 26. Rdf1 Rf8 27. Nd2
Rg5 28. R1f2 f5 29. Rf4 Qh5 30. Ne2 Rg4 31. R4f3 Qg5 32. Nd4 Re8 33. c3 Qh6 34.
Rh3 Qxh3 0-1

[Event "XXIII Miedzynarodowy Festiwal Szachowy "]
[Site "Krakow, Hotel Galaxy  ul. Ges"]
[Date "2012.12.27"]
[Round "1.13"]
[White "Iivonen, Markku"]
[Black "Tavakalov, Stanislav"]
[Result "1-0"]
[WhiteElo "2049"]
[BlackElo "1772"]
[PlyCount "47"]
[EventDate "2012.??.??"]

1. e4 e6 2. d4 d5 3. Nc3 Nf6 4. e5 Nfd7 5. f4 c5 6. Nf3 Nc6 7. Be3 a6 8. Ne2
Qb6 9. Qc1 cxd4 10. Nexd4 Nxd4 11. Nxd4 Bc5 12. c3 f6 13. b4 Bxd4 14. Bxd4 Qc7
15. exf6 gxf6 16. Be2 Ke7 17. O-O b6 18. Qe3 Bb7 19. Bg4 Qc6 20. Rae1 Nf8 21.
Bxe6 Nxe6 22. f5 Bc8 23. fxe6 Bxe6 24. Rxf6 1-0

[Event "XXIII Miedzynarodowy Festiwal Szachowy "]
[Site "Krakow, Hotel Galaxy  ul. Ges"]
[Date "2012.12.27"]
[Round "1.15"]
[White "Kasperek, Joanna"]
[Black "Ziolkowski, Boleslaw"]
[Result "1-0"]
[WhiteElo "2032"]
[BlackElo "1749"]
[PlyCount "82"]
[EventDate "2012.??.??"]

1. e4 e6 2. d4 d5 3. Nc3 Bb4 4. e5 c5 5. a3 Bxc3+ 6. bxc3 cxd4 7. cxd4 Qc7 8.
Bd2 Nc6 9. c3 Nge7 10. Qg4 Ng6 11. h4 h5 12. Qg3 Na5 13. Rb1 Nc4 14. Bxc4 Qxc4
15. Nh3 b6 16. Ng5 Ba6 17. Qf3 Qc7 18. Rb4 Rd8 19. Qd1 Bc4 20. f4 Ne7 21. g4
hxg4 22. Qxg4 Nf5 23. h5 Qe7 24. Kf2 Rh6 25. Nf3 Kd7 26. a4 Rdh8 27. a5 b5 28.
a6 g6 29. Rhb1 gxh5 30. Qh3 Rb8 31. Bc1 h4 32. Nd2 Ng3 33. Nxc4 Ne4+ 34. Ke1
dxc4 35. Rxb5 Rxb5 36. Rxb5 Kc8 37. Qf3 Qd7 38. Rb7 Qa4 39. f5 Rh7 40. Qg4 Rh8
41. fxe6 fxe6 1-0

[Event "XXIII Miedzynarodowy Festiwal Szachowy "]
[Site "Krakow, Hotel Galaxy  ul. Ges"]
[Date "2012.12.27"]
[Round "1.16"]
[White "Mottang, Harald"]
[Black "Staroszczyk, Mateusz"]
[Result "0-1"]
[WhiteElo "1731"]
[BlackElo "2026"]
[PlyCount "78"]
[EventDate "2012.??.??"]

1. Nf3 f5 2. c4 Nf6 3. Nc3 e6 4. g3 b6 5. Bg2 Bb7 6. O-O Bb4 7. d4 Bxc3 8. bxc3
O-O 9. a4 Nc6 10. d5 exd5 11. cxd5 Na5 12. d6 cxd6 13. Qxd6 Ne4 14. Qd3 Rc8 15.
Bd2 Nb3 16. Rad1 Nbc5 17. Qc4+ d5 18. Qa2 Ba6 19. Nd4 Bc4 20. Qa3 Qd7 21. a5
bxa5 22. Qxa5 Nb3 23. Nxb3 Bxb3 24. Be3 Bxd1 25. Rxd1 Nxc3 26. Rd2 d4 27. Bxd4
Nxe2+ 28. Rxe2 Qxd4 29. Qd5+ Qxd5 30. Bxd5+ Kh8 31. Re7 a5 32. Ra7 Rc5 33. Be6
h5 34. h4 Kh7 35. Kg2 Rf6 36. Bb3 f4 37. Bd1 Kg6 38. Bf3 fxg3 39. Kxg3 Rc3 0-1

[Event "XXIII Miedzynarodowy Festiwal Szachowy "]
[Site "Krakow, Hotel Galaxy  ul. Ges"]
[Date "2012.12.27"]
[Round "1.17"]
[White "Francuzov, Alexander"]
[Black "Grabarczyk, Sylwester"]
[Result "1-0"]
[WhiteElo "2019"]
[BlackElo "1722"]
[PlyCount "45"]
[EventDate "2012.??.??"]

1. d4 f5 2. Nf3 Nf6 3. g3 e6 4. Bg2 Be7 5. O-O O-O 6. c4 d6 7. Nc3 Qe8 8. Qc2
Qh5 9. e4 fxe4 10. Nxe4 Nc6 11. h3 Nxe4 12. Qxe4 d5 13. Qe2 Bd7 14. g4 Qg6 15.
cxd5 exd5 16. Ne5 Qe6 17. Qd3 Nb4 18. Qc3 Bb5 19. Re1 Qd6 20. a3 a5 21. Qb3 Bh4
22. Be3 Nc6 23. Qxb5 1-0

[Event "XXIII Miedzynarodowy Festiwal Szachowy "]
[Site "Krakow, Hotel Galaxy  ul. Ges"]
[Date "2012.12.27"]
[Round "1.20"]
[White "Marczuk, Anna"]
[Black "Zajac, Mateusz"]
[Result "0-1"]
[WhiteElo "1674"]
[BlackElo "1997"]
[PlyCount "66"]
[EventDate "2012.??.??"]

1. e4 c5 2. Nf3 d6 3. d4 cxd4 4. Nxd4 Nf6 5. Nc3 a6 6. f3 e5 7. Nb3 Be6 8. Be3
Be7 9. Qd2 O-O 10. O-O-O Nbd7 11. g4 Qc7 12. g5 Nh5 13. Qf2 Rfc8 14. h4 b5 15.
Bh3 b4 16. Nd5 Bxd5 17. Rxd5 a5 18. Bxd7 Qxd7 19. Rxa5 Rxa5 20. Nxa5 Qa4 21.
Bb6 Qxa2 22. Kd2 Qxb2 23. Rc1 Nf4 24. Qf1 Rc3 25. Kd1 Nd3 26. Kd2 Nxc1 27. Qxc1
Qa2 28. Kd1 Rxf3 29. Ke2 Rc3 30. Kd1 Rh3 31. Ke2 Qa3 32. Qg1 Qf3+ 33. Kd2 Rh1
0-1

[Event "XXIII Miedzynarodowy Festiwal Szachowy "]
[Site "Krakow, Hotel Galaxy  ul. Ges"]
[Date "2012.12.27"]
[Round "1.21"]
[White "Kawula, Andrzej"]
[Black "Roneid, Heidi"]
[Result "1-0"]
[WhiteElo "1996"]
[BlackElo "1674"]
[PlyCount "69"]
[EventDate "2012.??.??"]

1. c4 Nf6 2. Nc3 e6 3. e4 d5 4. e5 Ne4 5. Nxe4 dxe4 6. Qg4 Bd7 7. Qxe4 Bc6 8.
Qe3 Na6 9. Nf3 Nb4 10. Qc3 Be4 11. d3 Bxd3 12. Bxd3 Qxd3 13. Qxd3 Nxd3+ 14. Ke2
O-O-O 15. Rd1 Nxc1+ 16. Raxc1 Be7 17. b3 h6 18. h3 Ba3 19. Rb1 Rxd1 20. Rxd1
Rd8 21. Rd3 a6 22. Ne1 f6 23. Rg3 Rd7 24. exf6 gxf6 25. Rg6 Be7 26. Rxh6 c5 27.
Nd3 b5 28. Rh7 Kd8 29. Nf4 Rd6 30. Ng6 Rd7 31. Rxe7 Rxe7 32. Nxe7 Kxe7 33. Ke3
Kf7 34. cxb5 axb5 35. a4 1-0

[Event "XXIII Miedzynarodowy Festiwal Szachowy "]
[Site "Krakow, Hotel Galaxy  ul. Ges"]
[Date "2012.12.27"]
[Round "1.22"]
[White "Kolodziej, Krzysztof"]
[Black "Puczylowski, Marcin"]
[Result "0-1"]
[WhiteElo "1657"]
[BlackElo "1991"]
[PlyCount "34"]
[EventDate "2012.??.??"]

1. e4 c5 2. Nf3 Nc6 3. d4 cxd4 4. Nxd4 e5 5. Nb3 Nf6 6. Bd3 Be7 7. Nc3 d6 8.
O-O O-O 9. Be3 Be6 10. Qd2 Ng4 11. Rad1 Nxe3 12. Qxe3 Bg5 13. Qe2 a5 14. Bc4 b6
15. Bxe6 fxe6 16. Qc4 Qd7 17. Nb5 Be7 0-1

[Event "XXIII Miedzynarodowy Festiwal Szachowy "]
[Site "Krakow, Hotel Galaxy  ul. Ges"]
[Date "2012.12.27"]
[Round "1.23"]
[White "Rzeznik, Lukasz"]
[Black "Wilk, Maciej"]
[Result "1-0"]
[WhiteElo "1989"]
[BlackElo "1646"]
[PlyCount "41"]
[EventDate "2012.??.??"]

1. e4 c5 2. Nf3 e6 3. d4 cxd4 4. Nxd4 Nc6 5. Nc3 Nf6 6. Ndb5 Bb4 7. a3 Bxc3+ 8.
Nxc3 O-O 9. Bf4 Qa5 10. b4 Nxb4 11. axb4 Qxb4 12. Be5 Nxe4 13. Qg4 f6 14. Ra4
Qc5 15. Bd4 Qg5 16. Qxe4 Qc1+ 17. Nd1 d5 18. Qd3 e5 19. Be3 Qb1 20. Rh4 d4 21.
Qxh7+ 1-0

[Event "XXIII Miedzynarodowy Festiwal Szachowy "]
[Site "Krakow, Hotel Galaxy  ul. Ges"]
[Date "2012.12.27"]
[Round "1.25"]
[White "Puuska, Heini"]
[Black "Trebala, Michal"]
[Result "1-0"]
[WhiteElo "1984"]
[BlackElo "1631"]
[PlyCount "65"]
[EventDate "2012.??.??"]

1. d4 d6 2. e4 Nf6 3. Nc3 g6 4. Nf3 Bg7 5. h3 O-O 6. Be3 Nfd7 7. Qd2 c5 8. Bh6
Nc6 9. Bxg7 Kxg7 10. d5 Nce5 11. Nxe5 Nxe5 12. f4 Nd7 13. Be2 f5 14. O-O-O fxe4
15. Nxe4 Nf6 16. Ng5 h6 17. Ne6+ Bxe6 18. dxe6 Qc7 19. g4 d5 20. Bf3 Ne4 21.
Bxe4 dxe4 22. Qc3+ Kh7 23. f5 gxf5 24. Rd7 Qf4+ 25. Kb1 Rae8 26. Qxc5 Qg5 27.
h4 Qf6 28. gxf5 Qxf5 29. Rxe7+ Rxe7 30. Qxe7+ Kh8 31. a3 Qf2 32. Qd7 Qg2 33.
Rd1 1-0

[Event "XXIII Miedzynarodowy Festiwal Szachowy "]
[Site "Krakow, Hotel Galaxy  ul. Ges"]
[Date "2012.12.27"]
[Round "1.26"]
[White "Krzymionka, Karol"]
[Black "Suliborski, Jakub"]
[Result "0-1"]
[WhiteElo "1629"]
[BlackElo "1979"]
[PlyCount "52"]
[EventDate "2012.??.??"]

1. e4 e6 2. d4 d5 3. e5 c5 4. c3 Nc6 5. Nf3 Qb6 6. a3 c4 7. Be2 Bd7 8. O-O Nge7
9. Qc2 Ng6 10. h4 O-O-O 11. Be3 f6 12. Nbd2 fxe5 13. dxe5 Bc5 14. Bxc5 Qxc5 15.
b3 Ncxe5 16. bxc4 dxc4 17. Qa2 Bc6 18. Nd4 Bxg2 19. Nxe6 Qd5 20. Nxd8 Bxf1 21.
Bxf1 Rxd8 22. Qb1 Qxd2 23. Bg2 Qd7 24. Qe4 Nc6 25. Qxc4 Nge5 26. Qb5 Qg4 0-1

[Event "XXIII Miedzynarodowy Festiwal Szachowy "]
[Site "Krakow, Hotel Galaxy  ul. Ges"]
[Date "2012.12.27"]
[Round "1.27"]
[White "Kardys, Zbigniew"]
[Black "Madej, Roman"]
[Result "1-0"]
[WhiteElo "1978"]
[BlackElo "1609"]
[PlyCount "34"]
[EventDate "2012.??.??"]

1. e4 c6 2. d4 d5 3. exd5 cxd5 4. c4 Nf6 5. Nc3 e6 6. Bg5 Be7 7. Nf3 O-O 8. Bd3
dxc4 9. Bxc4 Nbd7 10. O-O Nb6 11. Bd3 Bd7 12. Ne5 Rc8 13. Qf3 Bc6 14. Nxc6 Rxc6
15. Rad1 Nfd5 16. Nxd5 Nxd5 17. Bxe7 Qxe7 1-0

[Event "XXIII Miedzynarodowy Festiwal Szachowy "]
[Site "Krakow, Hotel Galaxy  ul. Ges"]
[Date "2012.12.27"]
[Round "1.28"]
[White "Carbonaro, Davidei"]
[Black "Mielczarek, Daniel"]
[Result "1/2-1/2"]
[WhiteElo "1608"]
[BlackElo "1975"]
[PlyCount "59"]
[EventDate "2012.??.??"]

1. Nf3 d5 2. g3 Nf6 3. Bg2 Bg4 4. d3 e6 5. O-O Bd6 6. h3 Bh5 7. Nbd2 c6 8. e4
Nbd7 9. Qe1 Qc7 10. exd5 Nxd5 11. Ne4 O-O-O 12. Nxd6+ Qxd6 13. c3 e5 14. Nh4
Ne7 15. d4 exd4 16. Bf4 Qf6 17. cxd4 g5 18. Be5 Nxe5 19. dxe5 Qe6 20. Nf3 Bxf3
21. Bxf3 Qxh3 22. Qb4 Nd5 23. Bg4+ Kb8 24. Qxb7+ Kxb7 25. Bxh3 Rhe8 26. Rfe1
Nb4 27. Bf5 h6 28. a3 Nd3 29. Bxd3 Rxd3 30. Re2 1/2-1/2

[Event "XXIII Miedzynarodowy Festiwal Szachowy "]
[Site "Krakow, Hotel Galaxy  ul. Ges"]
[Date "2012.12.27"]
[Round "1.29"]
[White "Jablonska, Sabina"]
[Black "Lewczuk, Antoni"]
[Result "1-0"]
[WhiteElo "1973"]
[BlackElo "1604"]
[PlyCount "51"]
[EventDate "2012.??.??"]

1. e4 b6 2. d4 Bb7 3. Nc3 e6 4. Bd3 Bb4 5. Bd2 Ne7 6. Qe2 O-O 7. f4 f5 8. Nf3
Nbc6 9. a3 Bxc3 10. Bxc3 Ng6 11. g3 Nce7 12. h4 fxe4 13. Bxe4 Bxe4 14. Qxe4 Nf5
15. Rg1 a5 16. h5 Nge7 17. Ng5 Nd5 18. g4 Nf6 19. Qd3 Nd6 20. d5 Nc8 21. dxe6
h6 22. Nh3 Qe7 23. O-O-O Qxe6 24. g5 Nxh5 25. gxh6 Qxh6 26. Qd5+ 1-0

[Event "XXIII Miedzynarodowy Festiwal Szachowy "]
[Site "Krakow, Hotel Galaxy  ul. Ges"]
[Date "2012.12.27"]
[Round "1.30"]
[White "Miszkielo, Bartosz"]
[Black "Gluszko, Monika"]
[Result "0-1"]
[WhiteElo "1600"]
[BlackElo "1951"]
[PlyCount "56"]
[EventDate "2012.??.??"]

1. e4 c5 2. Nf3 Nc6 3. Bb5 g6 4. Bxc6 dxc6 5. h3 Bg7 6. O-O Nf6 7. Nc3 O-O 8.
d3 h6 9. Be3 b6 10. Qd2 Kh7 11. Kh1 Nh5 12. Rg1 g5 13. e5 f5 14. g4 fxg4 15.
hxg4 Rxf3 16. gxh5 Qe8 17. Kg2 Qxh5 18. Kf1 Bh3+ 19. Ke1 Bxe5 20. Ne4 Bf4 21.
Bxf4 Rxf4 22. Qe3 Raf8 23. Rg3 Bf5 24. Kd2 Bxe4 25. dxe4 Rxf2+ 26. Kc3 R2f3 27.
Rxf3 Rxf3 28. Qxf3 Qxf3+ 0-1

[Event "XXIII Miedzynarodowy Festiwal Szachowy "]
[Site "Krakow, Hotel Galaxy  ul. Ges"]
[Date "2012.12.27"]
[Round "1.31"]
[White "Bartoszewicz, Marcin"]
[Black "Dyga, Ryszard"]
[Result "1-0"]
[WhiteElo "1937"]
[BlackElo "1595"]
[PlyCount "83"]
[EventDate "2012.??.??"]

1. e4 e5 2. Nf3 Nc6 3. Bb5 Nf6 4. O-O Be7 5. Re1 d6 6. c3 O-O 7. h3 Bd7 8. d4
a6 9. Ba4 exd4 10. cxd4 Nb8 11. Bc2 Bc6 12. Nbd2 Nbd7 13. d5 Nxd5 14. exd5 Bxd5
15. Qe2 Be6 16. Nd4 Nc5 17. Nxe6 Nxe6 18. Qe4 g6 19. Qxb7 Nc5 20. Qd5 Rc8 21.
Nb3 c6 22. Qf3 Ne6 23. Bd2 c5 24. Bh6 Re8 25. Rad1 Qb6 26. Qc3 Bf8 27. Bxf8
Rxf8 28. Qc4 Nd4 29. Nxd4 cxd4 30. Qb3 Qc5 31. Be4 Rb8 32. Qa3 a5 33. Qxc5 dxc5
34. b3 Rfc8 35. Bd5 Rc7 36. Rc1 Rd8 37. Bc4 d3 38. Rcd1 d2 39. Re3 Rcd7 40. Kf1
Rd4 41. Ke2 a4 42. Re7 1-0

[Event "XXIII Miedzynarodowy Festiwal Szachowy "]
[Site "Krakow, Hotel Galaxy  ul. Ges"]
[Date "2012.12.27"]
[Round "1.32"]
[White "Cebula, Alicja"]
[Black "Jajte-pachota, Jerzy"]
[Result "1-0"]
[WhiteElo "1590"]
[BlackElo "1923"]
[PlyCount "84"]
[EventDate "2012.??.??"]

1. e4 c6 2. d4 d5 3. e5 Bf5 4. Bd3 Bxd3 5. Qxd3 e6 6. Ne2 c5 7. c3 cxd4 8. cxd4
Bb4+ 9. Nbc3 Nc6 10. O-O Nge7 11. a3 Ba5 12. b4 Bb6 13. Bb2 Qd7 14. Nb5 O-O 15.
Kh1 a6 16. Nbc3 Ba7 17. f4 Nf5 18. Nd1 g6 19. g4 Ng7 20. Qg3 Rac8 21. Ne3 f6
22. Rad1 fxe5 23. fxe5 Rxf1+ 24. Rxf1 Rf8 25. Rxf8+ Kxf8 26. Qf3+ Qf7 27. Kg2
Ne8 28. Bc3 Nc7 29. a4 Nb8 30. Bb2 Nd7 31. Nc2 Nb6 32. Nc3 Nc4 33. Bc1 Qxf3+
34. Kxf3 Kf7 35. h4 Na8 36. Ke2 Nab6 37. Kd3 Nd7 38. Na3 Ncxe5+ 39. dxe5 Nxe5+
40. Ke2 Nxg4 41. Nd1 Bb8 42. Nf2 Nf6 1-0

[Event "XXIII Miedzynarodowy Festiwal Szachowy "]
[Site "Krakow, Hotel Galaxy  ul. Ges"]
[Date "2012.12.27"]
[Round "1.34"]
[White "Latka, Tadeusz"]
[Black "Kuspak, Aleksander"]
[Result "0-1"]
[WhiteElo "1573"]
[BlackElo "1918"]
[PlyCount "62"]
[EventDate "2012.??.??"]

1. Nf3 c5 2. c4 e6 3. g3 Nc6 4. Bg2 g6 5. Nc3 Bg7 6. O-O Nge7 7. Qc2 O-O 8. a3
Nf5 9. e3 b6 10. b3 Bb7 11. Bb2 d5 12. Ne2 Bxb2 13. Qxb2 dxc4 14. bxc4 Qc7 15.
Rfd1 Rfd8 16. Nf4 Rd7 17. Ng5 Qe5 18. Qxe5 Nxe5 19. Bxb7 Rxb7 20. d3 Rd8 21.
Kf1 h6 22. Ne4 g5 23. Nf6+ Kf8 24. e4 Ke7 25. N4d5+ exd5 26. Nxd5+ Rxd5 27.
cxd5 Ng4 28. h3 Nge3+ 29. fxe3 Nxe3+ 30. Kf2 Nxd1+ 31. Rxd1 Kd6 0-1